000
00286nam a2200109Ia 4500
008
231011s9999 xx 000 0 und d
041
_a
eng
100
_a
Parker R.C
245
_a
Microsoft Office 4/4.2 For Windows For Dummies
260
_b
Comdex Compute Pub,NewDelhi -
365
_b
135
999
_c
886199
_d
886199